000 00516nam a2200193Ia 4500
003 OSt
005 20251222152409.0
008 220923b |||||||| |||| 00| 0 ben d
037 _cTB
040 _aARTS
_cARTS
_bben
041 _2ben
_aben
084 _aO15,1D40x 157H9.1
_qAL
100 _aVidyabhushan
_9210232
245 0 _aKalidaser granthavali
260 _c1949
650 _aSANSKRIT LITERATURE
_9858710
942 _hO15,1040x, 15H9
_cTB
_2CC
_n0
999 _c440520
_d440520